Wszystkie pospolite kolory na flagach - Statystyki

Ogólne statystyki
  • Ten quiz został rozwiązany 46 razy
  • Średni wynik to 9 z 9
Statystyki odpowiedzi
Przykładowa flaga Kolor % Poprawnych
Biały
100%
Czarny
100%
Czerwony
100%
Niebieski
100%
Pomarańczowy
100%
Zielony
100%
Żółty
100%
Fioletowy
81%
Brązowy
79%
Nie znaleziono quizów pasujących do podanych kryteriów
Rozkład punktacji
Procent ludzi z każdym wynikiem
Percentyl według liczby udzielonych odpowiedzi
Twoja historia wyników
Nie rozwiązałeś tego quizu